| 000 | 00588nam a22002177a 4500 | ||
|---|---|---|---|
| 001 | 00028778 | ||
| 005 | 20260415085826.0 | ||
| 008 | 260415b ag ||||| |||| 00| 0 spa d | ||
| 020 | _a9788415009382 | ||
| 040 |
_aAR-CcCEOS _bspa _cAR-CcCEOS |
||
| 041 | _aspa | ||
| 080 | _a820-3 | ||
| 090 | _bDIC | ||
| 100 | 1 |
_aDickens, Charles, _d1812-1870 _9329 |
|
| 245 |
_aEl perezoso viaje de dos aprendices ociosos / _cCharles Dickens |
||
| 250 | _a1a ed. | ||
| 260 |
_bAlcalá, _c2014. |
||
| 300 |
_a179 p. ; _c24x21 cm. |
||
| 655 | 0 |
_aliteratura estadounidense _938 |
|
| 942 |
_2udc _cBK _n0 |
||
| 999 |
_c28813 _d28813 |
||